[Event "Marienbad GM-I 2022"]
[Site "Marianske Lazne"]
[Date "2022.01.18"]
[Round "4.5"]
[White "Baenziger, Fabian"]
[Black "Simacek, Pavel"]
[Result "1/2-1/2"]
[WhiteElo "2409"]
[BlackElo "2448"]
[Annotator "TA"]
[PlyCount "94"]
[EventDate "2022.01.15"]
[EventType "tourn"]
[EventCountry "CZE"]
[SourceTitle "playchess.com"]
[Source "ChessBase"]
[SourceQuality "1"]

{[%evp 24,94,0,0,22,28,109,106,86,72,65,64,71,27,34,22,45,34,33,32,31,33,39,39,28,16,13,15,46,15,14,0,0,0,0,0,0,0,0,0,0,0,0,0,0,0,0,0,0,0,0,0,0,0,0,0,0,0,0,0,0,0,0,0,0,0,0,0,0,0,0,0,1]} 1. d4 Nf6 2. c4 e6 3. Nc3 Bb4 4. e3 O-O 5. Bd3 d5 6. Nf3 dxc4 7. Bxc4 c5 8. O-O cxd4 9. exd4 b6 10. Bg5 Bb7 11. Re1 Nc6 12. a3 Be7 13. Qd3 Nd5 {E57: Nimzo-Indian: Rubinstein: Main Line: 7...Nc6 8 a3 dxc4 9 Bxc4 cxd4.} 14. Bxd5 Bxg5 (14... exd5 $11 {remains equal.} 15. Bxe7 Nxe7) 15. Be4 $16 {White is more active.} h6 {White is better.} 16. Rad1 {d5 is the strong threat.} Bf6 17. d5 {[#]} (17. Qb1 {is interesting.} Na5 18. d5 Bxc3 19. dxe6 Qf6 20. exf7+ Qxf7 21. bxc3 Bxe4 22. Rxe4 Rae8 23. Rxe8 Rxe8 24. Qb5) 17... Na5 $146 ({Predecessor:} 17... exd5 18. Nxd5 Qd6 19. Nxf6+ Qxf6 20. Qd7 Rab8 21. Rd6 Rfd8 22. Rxf6 Rxd7 23. Bxc6 Rd3 24. Bxb7 gxf6 {1-0 (31) Kalod,R (2490)-Markos,J (2419) Czech Republic 2001}) 18. dxe6 ({White should play} 18. Qb1 $16 {Black must now prevent dxe6.} Bxc3 19. dxe6 (19. bxc3 exd5 20. Qc2 Nc4 $17)) 18... Qxd3 $11 19. exf7+ (19. Bxd3 {is interesting.} fxe6 20. Rxe6 Rad8 21. Re3 Bxf3 22. gxf3 Bd4 23. Re4) 19... Rxf7 20. Bxd3 Bxf3 21. gxf3 Bxc3 22. bxc3 {[#] Strongly threatening Be4.} Rc8 23. Be4 {aiming for Bd5.} Kf8 24. Rd4 Re7 25. Red1 Nb3 ({Not} 25... Rxc3 26. Bg6 Re6 27. Rd8+ Ke7 28. R1d7+ Kf6 29. Be4 $16) 26. Rd6 (26. Rd5 $5 {[%cal Rd5f5]}) 26... Nc5 {The position is equal.} (26... Rxc3 $2 27. Bg6 Re8 28. Bxe8 Kxe8 29. Rd8+ Kf7 30. R8d7+ Kf6 31. Rxa7 $18) 27. Bg6 Re6 28. Rxe6 Nxe6 {[%mdl 4096] Endgame KRB-KRN} 29. Bf5 Rc6 30. Bxe6 Rxe6 {KR-KR} 31. Rd7 a5 32. Rb7 Rc6 33. c4 Rxc4 34. Rxb6 Rc3 {[%csl LRa3,LRf3]} 35. Kg2 Rxa3 36. Rb7 a4 37. Ra7 Ra1 38. h4 a3 39. h5 Kg8 40. Kh2 Kh7 41. Kg2 Ra2 42. Ra8 g5 43. Ra7+ Kg8 44. Ra6 Kg7 45. Ra7+ Kg8 46. Ra6 Kg7 47. Ra7+ Kg8 {Weighted Error Value: White=0.04 (flawless) /Black=0.08 (flawless)} 1/2-1/2

[Event "Marienbad GM-I 2022"]
[Site "Marianske Lazne"]
[Date "2022.01.18"]
[Round "5.1"]
[White "Simacek, Pavel"]
[Black "Noe, Christopher"]
[Result "1/2-1/2"]
[WhiteElo "2448"]
[BlackElo "2529"]
[Annotator "TA"]
[PlyCount "34"]
[EventDate "2022.01.15"]
[EventType "tourn"]
[EventCountry "CZE"]
[SourceTitle "playchess.com"]
[Source "ChessBase"]
[SourceQuality "1"]

{[%evp 11,34,0,0,0,0,0,0,0,9,0,1,0,0,0,0,0,0,0,0,0,0,0,12,0,15]} 1. d4 Nf6 2. c4 e6 3. Nc3 Bb4 4. Qc2 c5 5. Nf3 cxd4 6. Nxd4 Nc6 {The position is equal.} 7. Nxc6 {E38: Nimzo-Indian: Classical: 4...c5.} dxc6 8. a3 Be7 9. e3 {[#]} e5 $146 ({Predecessor:} 9... O-O 10. Bd3 Qc7 11. b3 e5 12. Bb2 Be6 13. O-O Rad8 14. Rad1 Rd7 15. Bf5 Bxf5 16. Qxf5 {1-0 (41) Seret,J (2455)-Andruet,G (2390) Montpellier 1985}) 10. Be2 O-O 11. O-O Be6 12. b3 Qc8 13. Bb2 Bf5 14. e4 Be6 15. b4 Qc7 16. Rfd1 Rfd8 17. c5 Rxd1+ {Not much happened in this game.  Weighted Error Value: White=0.02 (flawless) /Black=0.02 (flawless)} 1/2-1/2

[Event "Marienbad GM-I 2022"]
[Site "Marianske Lazne"]
[Date "2022.01.18"]
[Round "5.2"]
[White "Czerw, Dawid"]
[Black "Baenziger, Fabian"]
[Result "1/2-1/2"]
[WhiteElo "2396"]
[BlackElo "2409"]
[Annotator "TA"]
[PlyCount "58"]
[EventDate "2022.01.15"]
[EventType "tourn"]
[EventCountry "CZE"]
[SourceTitle "playchess.com"]
[Source "ChessBase"]
[SourceQuality "1"]

{[%evp 9,58,16,1,0,20,25,21,25,26,31,34,13,22,16,21,0,0,0,0,0,0,0,33,30,30,30,30,35,37,37,34,38,46,33,45,45,45,56,45,43,113,112,120,116,116,120,119,53,54,53,57]} 1. d4 d5 2. c4 c6 3. Nf3 Nf6 4. g3 Bg4 5. Ne5 Bf5 6. cxd5 {D11: Slav Defence: 3 Nf3 sidelines and 3...Nf6 4 e3 Bg4.} cxd5 7. Nc3 {[%cal Oe2e4]} Nc6 8. f3 {[%cal Oe2e4] The position is equal.} g6 9. Bg2 Bg7 10. O-O O-O 11. Nxc6 bxc6 12. Be3 Nd7 {[%cal Bf6d7,Bd7e5,Be5f3][%mdl 32] [#]} 13. Rc1 $146 ({Predecessor:} 13. g4 Be6 14. Qd2 Nb6 15. b3 c5 16. Rad1 c4 17. Bh6 Bxh6 18. Qxh6 Qd6 19. Rb1 {½-½ (47) Giri,A (2762)-Solak,D (2626) Heraklion 2017}) 13... e5 {[%cal Oc6c5]} 14. Na4 {Inhibits c5.} Qf6 {[%cal Re5d4]} 15. dxe5 Nxe5 (15... Qxe5 {feels hotter.} 16. Bf4 Qf6 17. e4 Be6 18. b3 Rfd8) 16. b3 d4 17. Bxd4 {Black must now prevent e3.} Nxf3+ $1 18. Bxf3 Qxd4+ 19. Qxd4 Bxd4+ {This bishop pair is nice.} 20. Kg2 Rae8 21. Rxc6 Be4 22. Rc4 Bxf3+ 23. Kxf3 Re3+ $1 24. Kf4 g5+ (24... Re5 $14) 25. Kxg5 $16 Bg7 26. Rfc1 Rxe2 {[#]} 27. R1c2 Rfe8 {[#]} 28. Kg4 ({White should play} 28. Nc5 $1 $16) 28... R8e4+ $14 29. Kh3 $1 Bf6 {Weighted Error Value: White=0.05 (flawless) /Black=0.07 (flawless)} 1/2-1/2

[Event "Marienbad GM-I 2022"]
[Site "Marianske Lazne"]
[Date "2022.01.18"]
[Round "5.3"]
[White "Gungl, Theo"]
[Black "Stalmach, Richard"]
[Result "1-0"]
[WhiteElo "2368"]
[BlackElo "2301"]
[Annotator "TA"]
[PlyCount "71"]
[EventDate "2022.01.15"]
[EventType "tourn"]
[EventCountry "CZE"]
[SourceTitle "playchess.com"]
[Source "ChessBase"]
[SourceQuality "1"]

{[%evp 17,71,9,20,16,9,8,29,-37,-46,-57,-25,-27,-11,-13,-13,-16,0,0,0,0,72,0,0,0,0,0,0,0,0,0,0,0,0,-23,148,135,616,597,755,745,714,711,721,804,806,793,807,720,720,720,801,822,5297,4802,29990,29991]} 1. d4 Nf6 2. c4 g6 3. Nc3 Bg7 4. Nf3 O-O 5. g3 d6 6. Bg2 Nc6 7. O-O a6 8. h3 Rb8 9. a4 e5 10. d5 $1 {E63: King's Indian: Fianchetto: Panno Variation with 7...a6.} Na5 11. Nd2 {b4 is the strong threat.} c5 12. dxc6 ({Better is} 12. e4 $11) 12... bxc6 $15 13. Rb1 Be6 {[#]} (13... Bf5 $5 {[%cal Rf5b1]} 14. e4 Be6 $15) 14. b4 $146 ({Predecessor:} 14. b3 d5 15. cxd5 Nxd5 16. Nxd5 cxd5 17. Ba3 Re8 18. b4 Nc6 19. e3 Qd7 20. Kh2 {0-1 (35) Lahud,T (1949)-Reis,C (1912) Brazil 2003}) 14... Nxc4 15. Nxc4 Bxc4 16. Bxc6 d5 17. Bg5 {[%cal Oc6d5]} Qd6 {[%csl LRb4,LRc6]} 18. b5 Rfd8 {[#]} (18... Rbd8 $11) 19. Qc2 (19. Bxd5 $1 $16 Bxd5 20. Nxd5 Qxd5 21. Qxd5 Rxd5 22. bxa6) 19... Qe6 20. Rfd1 axb5 (20... Qxh3 $2 21. Bxf6 Bxf6 22. Nxd5 Bxd5 23. Bxd5 axb5 24. axb5 $18) 21. axb5 Rdc8 (21... Qxh3 $2 22. Bxf6 Bxf6 23. Nxd5 Bxd5 24. Bxd5 $18) 22. Qa4 d4 (22... Qxh3 $2 23. Bxf6 Bxf6 24. Nxd5 Bxd5 25. Bxd5 $18) 23. Bxf6 Bxf6 24. Ne4 Bxe2 {This bishop pair is nice.} 25. Re1 {[%cal Oc6d7] [#] aiming for Bd7!} (25. Bd7 $5 {[%cal Rd7e6]} Bxd1 26. Rxd1 $11) 25... Be7 $2 26. Qa7 $1 $16 {White is more active.} ({Not} 26. Rxe2 Rxc6 $1 {[%mdl 512]} 27. bxc6 Rxb1+ 28. Kh2 Kg7 $17) 26... d3 {[%mdl 8192] A mistake that costs the game.} (26... Bd3 $16) 27. Bd7 $18 Qd5 28. Bxc8 {[%mdl 64] Discovered Attack} Rxc8 {[#]} 29. b6 $1 {And now b7 would win.} Qd8 (29... Kg7 30. b7) 30. b7 Rb8 31. Rec1 {[%cal Oa7b8,Be1c1,Bc1c8,Bc8c7][%mdl 32] Threatening mate with Qxb8!} Kg7 {[#]} 32. Qxb8 $3 {[%mdl 512]} Qxb8 33. Rc8 Qa7 34. b8=Q Qd4 35. Qb7 Ba3 36. Rc7 {Weighted Error Value: White=0.11 (very precise) /Black=1.08} 1-0

[Event "Marienbad GM-I 2022"]
[Site "Marianske Lazne"]
[Date "2022.01.18"]
[Round "5.4"]
[White "Lim, Zhuo Ren"]
[Black "Mirzoev, Azer"]
[Result "0-1"]
[WhiteElo "2311"]
[BlackElo "2420"]
[Annotator "TA"]
[PlyCount "94"]
[EventDate "2022.01.15"]
[EventType "tourn"]
[EventCountry "CZE"]
[SourceTitle "playchess.com"]
[Source "ChessBase"]
[SourceQuality "1"]

{[%evp 18,94,26,33,37,27,25,0,0,0,11,0,16,17,4,-3,-3,-3,0,0,0,0,0,0,0,0,0,-2,-10,-12,-7,-22,-9,-10,-10,-12,-23,-52,-45,-49,-49,-118,-118,-115,-112,-112,-115,-118,-117,-110,-114,-130,-130,-129,-131,-121,-127,-127,-120,-120,-84,-87,-101,-164,-62,-253,-253,-371,-364,-344,-329,-560,-531,-716,-671,-648,-654,-694,-647]} 1. Nf3 d5 2. g3 c6 3. c4 Nf6 4. Bg2 g6 5. b3 Bg7 6. Bb2 O-O 7. O-O Nbd7 {[%cal Bb8d7,Bd7f6,Bf6e4][%mdl 32]} 8. d4 Ne4 9. Nc3 {9.e3 is becoming the main line.} Nxc3 10. Bxc3 Nf6 {D78: Fianchetto Grünfeld: 6 0-0 c6.} 11. Rc1 Ne4 12. cxd5 cxd5 {The position is equal.} 13. e3 {[#]} Bf5 $146 ({Predecessor:} 13... Bg4 14. Qd3 Bxf3 15. Bxf3 Nxc3 16. Rxc3 e6 17. Rfc1 Qb6 18. Rc5 a6 19. Kg2 Rfd8 20. a4 Bf8 21. R5c2 {½-½ (21) Cvorovic,D (2437)-Rogulj,B (2386) Sibenik 2007}) 14. Qe2 Qd6 15. Bb2 {[%cal Bc3b2,Bb2a3,Ba3b4][%mdl 32]} Rfc8 16. Nd2 Nxd2 17. Qxd2 h5 18. Qa5 {Hoping for Ba3.} e6 19. Ba3 Qb6 20. Qd2 Qa6 21. Bb4 Qd3 22. Qxd3 Bxd3 23. Rfd1 {[#] Black must now prevent Rxc8+.} Bc2 24. Re1 b6 25. Bf1 {Ba6 is the strong threat.} a5 26. Bd6 Rc3 27. Ba3 Bf8 $1 {[%cal Bg7f8,Bf8b4,Bb4c3][%mdl 32]} 28. Bb2 Rcc8 29. Re2 ({White should try} 29. f3 $1 $15) 29... Be4 $17 30. Ree1 Bb4 $36 {[%mdl 2048] Black is really pushing.} 31. Rxc8+ Rxc8 32. Rc1 Rxc1 {Black is more active.} 33. Bxc1 {[%mdl 4096] Endgame KBB-KBB} Bb1 34. a3 {[#]} Bc3 35. Bb5 Bc2 36. Ba4 g5 {[%cal Bg6g5,Bg5g4][%mdl 32]} 37. f3 g4 38. Kf2 Bd1 39. f4 Kf8 40. Kg2 (40. Kf1 $17) 40... Ke7 (40... Be2 $19 {And now ...b5 would win.} 41. Kf2 Bd3) 41. f5 $2 {Now White is beyond hope.} (41. Kf2 $15) 41... exf5 $19 {[%cal Of5f4]} 42. Kf2 (42. Kf1 $142) 42... Ke6 43. Kf1 f4 44. gxf4 $2 (44. exf4 Bxd4 45. Ke1) 44... h4 {[%cal Bh5h4,Bh4h3][%mdl 32] Black is clearly winning.} 45. Kf2 h3 {[%cal Oc3e1] aiming for ...Be1+!} 46. Bb5 f5 47. Ba6 Bxb3 {Weighted Error Value: White=0.30/Black=0.06 (flawless)} 0-1

[Event "Marienbad GM-I 2022"]
[Site "Marianske Lazne"]
[Date "2022.01.18"]
[Round "5.5"]
[White "Plat, Vojtech"]
[Black "Nemec, Jachym"]
[Result "1-0"]
[WhiteElo "2546"]
[BlackElo "2402"]
[Annotator "TA"]
[PlyCount "55"]
[EventDate "2022.01.15"]
[EventType "tourn"]
[EventCountry "CZE"]
[SourceTitle "playchess.com"]
[Source "ChessBase"]
[SourceQuality "1"]

{[%evp 9,55,-30,-28,-23,-27,-44,-22,-11,2,0,0,0,16,14,14,0,0,-7,23,22,31,18,79,74,85,61,81,73,76,81,89,94,78,68,63,67,73,12,17,24,36,55,689,664,666,654,1500,1314]} 1. b4 Nf6 2. Bb2 g6 3. e4 d6 4. c4 Bg7 5. Nf3 O-O 6. d3 {A00: Irregular Openings.} e5 7. Be2 Nbd7 8. O-O {[#] The position is equal.} b6 $146 ({Predecessor:} 8... c5 9. b5 b6 10. Nc3 Bb7 11. a4 Ne8 12. Nd5 f5 13. exf5 gxf5 14. Qd2 f4 {0-1 (30) Martinez Munoz,J (1654)-Mascaro Pastor,M (1579) ICCF email 2015}) 9. Nc3 Bb7 10. Ne1 Re8 11. Nc2 Nf8 12. b5 Ne6 13. a4 a5 14. g3 Nd7 15. Nd5 f5 (15... Ndc5 $11) 16. exf5 $16 gxf5 {[#]} 17. Nce3 $1 f4 18. Nf5 Rf8 19. Bg4 {Strongly threatening Nfe7+. White is much more active.} Ndc5 20. Nxg7 Nxg7 21. d4 Bxd5 22. cxd5 exd4 23. Qxd4 (23. Bxd4 $16 {Ra3 is the strong threat.} Qg5 24. Ra3) 23... Qg5 $11 24. Be6+ Ncxe6 25. dxe6 {aiming for Rac1.} Nxe6 $2 {[%mdl 8192] [#]} (25... Rae8 $14) 26. Qh8+ $18 {White is clearly winning.} Kf7 27. Qxh7+ Ng7 28. Rac1 {Weighted Error Value: White=0.02 (flawless) /Black=0.49} 1-0

[Event "Marienbad GM-I 2022"]
[Site "Marianske Lazne"]
[Date "2022.01.19"]
[Round "6.1"]
[White "Noe, Christopher"]
[Black "Nemec, Jachym"]
[Result "1-0"]
[WhiteElo "2529"]
[BlackElo "2402"]
[Annotator "TA"]
[PlyCount "85"]
[EventDate "2022.01.15"]
[EventType "tourn"]
[EventCountry "CZE"]
[SourceTitle "playchess.com"]
[Source "ChessBase"]
[SourceQuality "1"]

{[%evp 19,85,20,28,0,145,153,158,158,150,146,168,155,158,141,160,150,162,159,162,163,180,177,179,179,187,183,171,157,184,177,183,173,177,166,181,178,194,185,233,191,255,255,255,260,259,253,266,270,279,282,299,315,308,314,364,378,428,428,413,0,380,364,459,452,449,415,755,564]} 1. d4 d5 2. c4 c6 3. Nc3 Nf6 4. e3 e6 5. Nf3 Nbd7 6. Bd3 dxc4 7. Bxc4 b5 8. Be2 Bb7 9. O-O a6 10. e4 c5 11. d5 {D47: Semi-Slav: Meran System.} (11. e5 $5 {[%cal Re5f6]} Nd5 12. a4 $14) 11... e5 (11... exd5 $11 12. Nxd5 Nxd5 13. exd5 Bd6) 12. Qc2 $16 Bd6 13. a4 {White is clearly better.} b4 14. Nd1 {[%cal Bc3d1,Bd1e3,Be3c4][%mdl 32]} a5 15. Ne3 {Hoping for Nf5.} O-O {[#]} 16. Bb5 $146 ({Predecessor:} 16. Nc4 Qc7 17. Bg5 Ne8 18. Nxd6 Nxd6 19. Be7 Rfc8 20. Bxd6 Qxd6 21. Nd2 Nb6 22. b3 {½-½ (51) Simonson,A-Evans,L New York 1951}) 16... Qc7 17. Nc4 Ba6 18. Bxa6 Rxa6 19. Be3 Rc8 20. Rac1 Ne8 21. Qe2 Raa8 22. Rc2 Bf8 23. Rfc1 g6 24. Nfd2 Nd6 25. Nxd6 Bxd6 26. Nc4 Bf8 27. Qd3 Rab8 28. b3 Bd6 (28... Re8 $142 29. h4 h5) 29. h3 {[%cal Bh2h3,Bh3h4,Bh4h5][%mdl 32]} f6 (29... Bf8 $142 30. f3 Ra8) 30. Qd1 $18 Bf8 31. Qg4 Ra8 32. Qe6+ Kg7 33. h4 Re8 34. Qh3 Ra6 35. h5 Kg8 36. g3 g5 37. Qf5 Raa8 38. Nb2 Rac8 39. Nc4 Ra8 $1 40. Kh1 Bh6 41. Nb2 Bf8 42. Nd3 Rac8 (42... Qc8 $142 43. f3 Ra7) 43. Bxc5 {White took control after the opening.  Weighted Error Value: White=0.15 (very precise) /Black=0.24 (precise)} 1-0

[Event "Marienbad GM-I 2022"]
[Site "Marianske Lazne"]
[Date "2022.01.19"]
[Round "6.4"]
[White "Baenziger, Fabian"]
[Black "Gungl, Theo"]
[Result "1/2-1/2"]
[WhiteElo "2409"]
[BlackElo "2368"]
[Annotator "TA"]
[PlyCount "51"]
[EventDate "2022.01.15"]
[EventType "tourn"]
[EventCountry "CZE"]
[SourceTitle "playchess.com"]
[Source "ChessBase"]
[SourceQuality "1"]

{[%evp 17,51,23,24,18,33,36,32,22,32,28,21,18,34,8,23,13,13,18,18,23,32,5,4,0,0,0,0,0,0,0,0,0,0,0,0,0]} 1. d4 d5 2. c4 c6 3. Nc3 Nf6 4. Nf3 e6 5. Qd3 Nbd7 6. g3 b6 7. Bg2 Bb7 8. O-O Be7 9. Rd1 O-O 10. b3 {E07: Closed Catalan: Main Line (5 Nf3 0-0 6 0-0 Nbd7).} c5 11. cxd5 Nxd5 12. Nxd5 {White is slightly better.} Bxd5 13. e4 Bb7 14. Bb2 cxd4 15. Qxd4 {[%csl Gb2][%cal Rd4g7] [#]} Nf6 $1 16. Qe3 Qe8 17. Ne5 Rd8 {[#]} 18. Bd4 $146 ({Predecessor:} 18. Qf4 Qb5 19. Nc4 Qc6 20. Rdc1 Qe8 21. Bxf6 Bxf6 22. e5 Bxg2 23. exf6 {1-0 (23) Norri,J (2327)-Laine,P (2204) Helsinki 2011}) 18... Nd7 19. Nxd7 Qxd7 {The position is equal.} 20. Bf3 {[%cal Od4b6] [#] Strongly threatening Bxb6!} Qc7 21. Rac1 Qb8 22. Qc3 Rc8 23. Qb2 Rxc1 24. Rxc1 f6 25. Qe2 Rc8 26. Rxc8+ {Weighted Error Value: White=0.03 (flawless) /Black=0.02 (flawless)} 1/2-1/2

[Event "Marienbad GM-I 2022"]
[Site "Marianske Lazne"]
[Date "2022.01.19"]
[Round "6.5"]
[White "Simacek, Pavel"]
[Black "Czerw, Dawid"]
[Result "1/2-1/2"]
[WhiteElo "2448"]
[BlackElo "2396"]
[Annotator "TA"]
[PlyCount "207"]
[EventDate "2022.01.15"]
[EventType "tourn"]
[EventCountry "CZE"]
[SourceTitle "playchess.com"]
[Source "ChessBase"]
[SourceQuality "1"]

{[%evp 15,207,0,-2,-3,8,0,30,0,-12,-12,-9,-8,-10,-31,0,-110,-110,-147,-122,-106,-26,-43,-31,-41,-39,-42,-50,-120,-116,-156,-172,-172,-162,-156,-96,-291,-150,-349,-355,-336,-101,-177,-176,-174,-187,-179,-127,-145,-132,-132,-117,-143,-126,-163,-164,-168,-152,-170,-178,-221,-146,-166,-159,-236,-180,-237,-210,-249,-243,-268,-279,-357,-364,-374,-369,-361,-360,-356,-356,-342,-306,-379,-219,-345,-311,-336,-336,-329,-340,-321,-177,-164,-8,-8,0,0,0,0,0,0,0,0,0,0,0,0,0,0,0,0,0,0,0,0,0,0,0,0,8,8,8,0,0,0,0,0,0,0,0,0,0,0,0,0,0,0,0,0,0,0,0,0,0,0,0,0,0,0,0,0,0,0,0,0,0,-18,-18,-57,-8,-31,-31,-31,-31,-37,-37,-48,-8,-8,-8,-8,-8,-8,-8,-8,-8,-8,-8,-36,-31,-63,-63,-64,-64,-71,-63,-72,-8,-8,0,0,0,-8,-8,-8]} 1. e4 {[%cal Be2e4,Be4e5][%mdl 32]} c5 2. Nf3 Nf6 {[%cal Bg8f6,Bf6d5,Bd5b4,Bb4c2][%mdl 32]} 3. e5 Nd5 4. c3 Nc6 5. d4 cxd4 6. cxd4 d6 7. Bc4 dxe5 8. dxe5 Ndb4 9. Qxd8+ {B22: Sicilian: 2 c3.} Nxd8 10. Na3 {[%cal Bb1a3,Ba3b5,Bb5c7][%mdl 32] To avoid Nc2+} Ndc6 {[#]} 11. Nb5 $146 {White has an edge.} ({Predecessor:} 11. Bf4 Bg4 12. O-O-O e6 13. Nb5 Rc8 14. Nd6+ Bxd6 15. exd6 Nb8 16. Rd4 Bxf3 17. Kb1 {0-1 (26) Loutragotis,P (1952)-Georgakopoulos,N (2326) Pyrgos 2019}) 11... Nc2+ 12. Ke2 {[%cal Oh1d1] Rd1! is the strong threat.} Bg4 13. Nc7+ Kd8 14. Nxa8 Nxa1 15. e6 (15. Rd1+ $11 {keeps the balance.} Kc8 16. Bd3 (16. Bxf7 Nc2 $11)) 15... Nc2 $1 $17 (15... Nd4+ 16. Kd3 Nxf3 17. gxf3 Bf5+ 18. Ke2 $16) 16. Kd3 {To avoid N2d4} N2b4+ 17. Kc3 Bxe6 (17... g6 $1 $17 18. exf7 (18. Rd1+ Kc8 $17) 18... Bg7+ 19. Kb3 Na6) 18. Bxe6 $11 fxe6 19. Ng5 $1 Kd7 20. Kc4 Nd5 {Hoping for ...Ne5+.} (20... Nxa2 21. Rd1+ Kc8 22. Bd2 $14) 21. Re1 {Inhibits Ne5+.} (21. Rd1 $15) 21... Nd8 $1 $17 22. Be3 h6 $36 {[%mdl 2048] White is under strong pressure.} 23. Ne4 Nxe3+ 24. fxe3 Kc8 (24... g5 $142 {White must now prevent ...Bg7.} 25. Rc1 Bg7 26. Nc5+ Kc8) 25. Nc5 $2 {[#]} (25. b4 $17) 25... g5 ({Better is} 25... g6 $1 $19 {Strongly threatening ...Kb8.} 26. Rc1 Bg7) 26. Kb5 $2 (26. Kb3 $17) 26... Bg7 $19 27. Rc1 Nc6 $2 (27... Bxb2 $19 {is more deadly.} 28. Rc2 Ba3 29. Nxe6+ Kd7 30. Nxd8 Rxd8 31. Rc7+ Ke6) 28. Nc7 Bxb2 29. Rc2 Kxc7 30. Rxb2 {[%mdl 4096] Endgame KRN-KRN} Nd8 ({Black should play} 30... a6+ $19 31. Kc4 b5+ 32. Kc3 Ne5) 31. Rd2 a6+ {[%cal Ba7a6,Ba6a5][%mdl 32]} 32. Kc4 Kc6 33. a4 Rf8 34. Kb4 a5+ 35. Kc4 {[#]} Rf5 $1 36. Nb3 Rd5 37. Rb2 (37. Nd4+ $142 Kd7 38. Rb2) 37... Kc7 38. e4 Re5 39. Re2 (39. Kd3 $17) 39... g4 {[%cal Ob7b5]} 40. Nd4 (40. Rc2 {was worth a try.}) 40... Nf7 41. Nb5+ Kd7 42. Kd4 Rh5 43. g3 Ne5 44. Rc2 Nf3+ 45. Ke3 Rxh2 46. Rc7+ Ke8 47. Rxb7 h5 48. Ra7 Ne5 (48... Rh3 $142 49. Kf2 h4 50. gxh4 Nxh4) 49. Nd4 (49. Kf4 $142 Nd3+ 50. Ke3) 49... Kf7 50. Ra6 Nc4+ 51. Kd3 Nb2+ 52. Ke3 h4 ({Not} 52... Nxa4 53. Kf4 $17) (52... Rg2 $142 53. Ne2 e5) 53. gxh4 {[#]} Rxh4 $2 (53... e5 $1 $19 54. Nc6 Rh3+ 55. Kf2 Nd3+ 56. Kg1 g3 57. Rxa5 Kf6) 54. Nxe6 $11 Rh6 55. Ng5+ {[%mdl 64] Discovered Attack} Kg7 56. Ne6+ Kg8 57. Kf4 g3 58. Kxg3 Nxa4 59. Kf4 Kf7 60. Ng5+ {[%mdl 64] Discovered Attack} Kg7 61. Rxa5 Nb6 62. Ra7 Kf6 63. e5+ Kg6 64. Kg4 {To avoid Rh4+} Nd5 65. Ra6+ $1 Kg7 66. Ne6+ Kf7 67. Nd8+ Kg7 68. Ne6+ Kf7 69. Ng5+ Kg7 70. Ra5 Nc7 71. Ra7 Nd5 72. Rd7 Ne3+ 73. Kf4 Ng2+ 74. Ke4 Kg6 75. Ne6 Kf7 76. Ng5+ Kg6 77. Nf3 Kf7 78. Rd2 Rg6 $1 79. Nd4 Nh4 80. Rf2+ Ke8 81. Rf4 Ng2 82. Rf3 Rg4+ 83. Kd5 Nf4+ 84. Kc5 Kd7 85. Nf5 Ke6 {[%csl LRe5,LRf5]} 86. Ne3 Rh4 (86... Nd3+ $15 87. Kb5 Rb4+ 88. Ka5 Rf4) 87. Nc2 Kxe5 88. Re3+ Kf6 89. Nd4 Rh5+ 90. Kc6 e5 91. Nf3 Ng6 92. Kd6 Rf5 93. Nd2 Rf4 {Threatens to win with ...Rd4+.} 94. Ne4+ Kf5 95. Ng3+ Kg4 96. Ne2 Ra4 97. Kd5 Kf5 98. Kd6 Ra6+ 99. Kc5 Ra5+ 100. Kd6 e4 (100... Ra2 $17) 101. Nc3 {The position is equal.} Ra6+ 102. Kc5 Ra5+ 103. Kb4 Re5 104. Rxe4 {And White is the lucky defender.  Weighted Error Value: White=0.30/Black=0.28 (precise)} 1/2-1/2

[Event "Marienbad GM-I 2022"]
[Site "Marianske Lazne"]
[Date "2022.01.20"]
[Round "7.1"]
[White "Czerw, Dawid"]
[Black "Noe, Christopher"]
[Result "0-1"]
[WhiteElo "2396"]
[BlackElo "2529"]
[Annotator "TA"]
[PlyCount "65"]
[EventDate "2022.01.15"]
[EventType "tourn"]
[EventCountry "CZE"]
[SourceTitle "playchess.com"]
[Source "ChessBase"]
[SourceQuality "1"]

{[%evp 15,65,4,18,9,0,0,-6,0,0,0,22,0,0,0,0,-5,-5,-91,-94,-96,-81,-145,-147,-139,-141,-205,-100,-102,-99,-104,-100,-103,-84,-186,-112,-109,-108,-112,-108,-125,-97,-92,-106,-87,-95,-215,-213,-227,-223,-242,-226,-818]} 1. d4 Nf6 2. c4 e6 3. g3 c5 4. Nf3 cxd4 5. Nxd4 Qb6 6. Bg2 Bc5 7. e3 Nc6 8. Nb3 Bb4+ 9. Bd2 {A32: Symmetrical English: 2 Nf3 Nf6 3 d4 cxd4 4 Nxd4 e6.} Ne5 10. Qc2 d5 11. cxd5 {The position is equal.} Qa6 $1 12. Nc1 {[#] Inhibits Nd3+.} Bxd2+ $146 ({Predecessor:} 12... Nxd5 13. Nc3 O-O 14. Nxd5 Bxd2+ 15. Qxd2 exd5 16. Qe2 Qg6 17. O-O Bg4 18. f3 Bf5 19. Rd1 Rad8 20. Nb3 Bc2 {½-½ (20) Gudyev,M (2537)-Costa,C (2500) Brazil 1999}) 13. Nxd2 Nxd5 14. Bf1 Qb6 15. Ncb3 Bd7 {[%cal Od5e3] aiming for ...Nxe3!} 16. Qc5 (16. Be2 $11 {keeps the balance.}) 16... Qxc5 $1 $17 17. Nxc5 Bc6 $1 {Threatens to win with ...Nb4.} 18. e4 ({Better is} 18. Bg2) 18... Nb4 {And now ...Nc2+ would win.} 19. Ke2 O-O-O {Hoping for ...Bb5+.} 20. a3 {[#]} (20. f4 $17 Ned3 21. Nxd3 Rxd3 22. Nb3) 20... Bb5+ (20... Nbd3 $1 $19 {[%cal Rd3c5]} 21. f4 Nxc5 22. fxe5 Nxe4) 21. Kd1 {[#]} Nf3 $1 22. Ncb3 Ba4 {( -> ...Rxd2+). Really sharp! Black is much more active.} 23. Ke2 Rxd2+ (23... Nxd2 {is more complex.} 24. Nxd2 Nc2 25. Ra2 Kb8 26. b3 Bb5+) 24. Kxf3 (24. Nxd2 $17 {was the only chance.} Nd4+ 25. Ke3 Ndc2+ 26. Kf3 Nxa1 27. axb4) 24... Bxb3 (24... Rxb2 $19 25. Nc5 Nc2) 25. axb4 Kb8 26. Be2 Rhd8 ({Inferior is} 26... Rxb2 27. Rab1 Rxb1 28. Rxb1 $15) 27. Ke3 Rxb2 28. Rhb1 Rdd2 29. Rxb2 Rxb2 30. f4 {[#]} (30. b5 $17 {might work better.}) 30... Bc2 $1 $19 {Black is clearly better.} 31. b5 {[#]} Bxe4 $1 {[%mdl 512]} 32. Rd1 (32. h4 Bd5) 32... Bd5 33. Kd4 $2 {Weighted Error Value: White=0.24 (precise) /Black=0.10 (very precise)} (33. Ra1) 0-1